header

Professional Web APIs (Record no. 209912)

MARC details
000 -LEADER
fixed length control field 01639nam a2200325Ia 4500
082 04 - DEWEY DECIMAL CLASSIFICATION NUMBER
Classification number 006.76
100 1# - MAIN ENTRY--AUTHOR NAME
Personal name Gosnell, Denise.
245 10 - TITLE STATEMENT
Title Professional Web APIs
260 ## - PUBLICATION, DISTRIBUTION, ETC. (IMPRINT)
Place of publication Indianapolis, Ind. ;
-- [Great Britain] :
Name of publisher Wiley,
Year of publication c2005.
300 ## - PHYSICAL DESCRIPTION
Number of Pages xxvi, 298 p. :
Other physical details ill.
500 ## - GENERAL NOTE
General note Includes index.
505 0# - FORMATTED CONTENTS NOTE
Formatted contents note Anatomy of a Web API -- Using the Google API -- Using the MapPoint API -- Using the Amazon.com APIs -- Using the eBay APIs -- Using the PayPal APIs -- Other Web APIs -- Calling XML Web APIs from mobile devices -- Calling Web APIs from Microsoft Office -- Creating your own Web APIs -- Case study 1, Customer relations management application -- Case study 2, Executive dashboard application.
650 #0 - SUBJECT ADDED ENTRY--TOPICAL TERM
Topical Term Web services.
Topical Term Application program interfaces (Computer software)
856 40 - ELECTRONIC LOCATION AND ACCESS
Uniform Resource Identifier http://site.ebrary.com/lib/rucke/Doc?id=10114222

No items available.

© 2026 Rongo University
Contact us: librarian | system librarian | Rongo university